000
00342nam a22001457a 4500
008
180312b xxu||||| |||| 00| 0 eng d
020
_a
9780130209955
041
_a
eng
080
_a
338 KLU
082
_a
338 KLU
100
_a
54
101
_a
MEN
245
_a
Strategic thinking an executive perspective
_c
Kluyver,C.A
942
_2
udc
_c
BK
999
_c
44683
_d
44683